Aardman Animations Films - Statistics

General Stats
  • This quiz has been taken 118 times
  • The average score is 6 of 8
Answer Stats
Year Title % Correct
2005 Wallace & Gromit: The Curse of the Were-Rabbit
97%
2000 Chicken Run
91%
2015 Shaun the Sheep Movie
78%
2006 Flushed Away
77%
2018 Early Man
64%
2012 The Pirates! In an Adventure with Scientists!
59%
2011 Arthur Christmas
52%
2019 A Shaun the Sheep Movie: Farmageddon
52%
No matching quizzes found
Score Distribution
Percent of People with Each Score
Percentile by Number Answered
Your Score History
You have not taken this quiz